00929nam a2200277Ia 4500001000900000003000500009008004100014010001100055020002200066040000900088245016400097260003000261300001000291503000700301504002900308650004900337650002400386650003100410650003600441650002700477650002200504650002700526650002500553650003700578700003600615dia_6445CHAP220117s2015 xx 000 0 und d a177568 a978-607-7900-17-7 cCHAP aCalidad de cebolla producida en el estado de Chihuahua almacenada en atmósferas controladas : folleto para productores /c Celia Chávez Mendoza...[et al.] aMéxico :b CIAD,c2015 a44 p. aD. aBibliografía: p. 43-44 aAlmacenamiento bajo atmósfera controlada  aCebollasxCalidad  aCebollasxPreservación  aControlled atmosphere storage  aOnionsxPreservation  aOnionsxQuality  aProtective atmospheres aStorage technology  aTecnología de almacenamiento  aChávez Mendoza, Celia, coaut.